Normal view
MARC view
- Ackerman, Thomas E.,
Entry Personal Name
001 - CONTROL NUMBER
- control field: 35574
003 - CONTROL NUMBER IDENTIFIER
- control field: OSt
005 - DATE AND TIME OF LATEST TRANSACTION
- control field: 20140312120401.0
008 - FIXED-LENGTH DATA ELEMENTS
- fixed length control field: 140312|| aca||aabn | a|a d
040 ## - CATALOGING SOURCE
- Original cataloging agency: OSt
100 1# - HEADING--PERSONAL NAME
- Personal name: Ackerman, Thomas E.,
- Dates associated with a name: 1948-
400 1# - SEE FROM TRACING--PERSONAL NAME
- Personal name: Ackerman, Thomas Edward
- Dates associated with a name: 1948-